| 000 | 01074nac a22002531i 4500 | ||
|---|---|---|---|
| 003 | EG-ScBUE | ||
| 005 | 20231120100734.0 | ||
| 008 | 121024s1994 ua ab f b 000 0 ara d | ||
| 017 | _a1994 / 4211 | ||
| 020 | _a9772351862 | ||
| 040 |
_aEG-ScBUE _bara _erda _cEG-ScBUE _dEG-ScBUE |
||
| 082 | 0 | 4 |
_a916.2 _bج غ ر _222 |
| 245 | 0 | 0 |
_aجغرافية مصر / _cتأليف فريق من أساتذة الجغرافيا بالجامعات المصرية ؛ تحرير دكتور يوسف أبو حجاج إبراهيم [وثلاثة آخرون]. |
| 264 | 1 |
_aالقاهرة : _bالهيئة المصرية العامة للكتاب، _c1994. |
|
| 300 |
_a550 صفحة : _bإيضاحيات، خرائط ؛ _c30 سم |
||
| 336 |
_2rdacontent _aنص _btxt |
||
| 337 |
_2rdamedia _aبدون وسيط _bn |
||
| 338 |
_2rdacarrier _aمجلد _bnc |
||
| 504 | _aيشتمل على إرجاعات ببليوجرافية. | ||
| 651 | 7 |
_aمصر _eجغرافيا. _2BUEsh _931229 |
|
| 655 | _vReading book | ||
| 700 | 1 |
_aإبراهيم، يوسف أبو حجاج، _eمحرر. |
|
| 942 |
_cBB _2ddc |
||
| 999 |
_c7571 _d7571 |
||